Κάλλος: η υπέρτατη ομορφιά

Αποθηκεύτηκε σε:
Λεπτομέρειες βιβλιογραφικής εγγραφής
Συγγραφή απο Οργανισμό/Αρχή: Μουσείο Κυκλαδικής Τέχνης
Άλλοι συγγραφείς: Σταμπολίδης, Νικόλαος Χρ (Επιμελητής έκδοσης)
Μορφή: Βιβλίο
Γλώσσα:Greek
Δημοσίευση: Αθήνα: Μουσείο Κυκλαδικής Τέχνης, Υπουργείο Πολιτισμού και Αθλητισμού ; 2021.
Θέματα:
Ετικέτες: Προσθήκη ετικέτας
Δεν υπάρχουν, Καταχωρήστε ετικέτα πρώτοι!

MARC

LEADER 00000cam a2200000 a 4500
001 1/124340
008 220208s2021####gr | ||| |||| ||gre||
020 |a 9786185060404 
040 |a GR-MyUa  |b gre  |c GR-MyUa  |e AACR2 
041 0 |a gre 
082 7 |a 704.9424   |2 (23) 
110 2 |a Μουσείο Κυκλαδικής Τέχνης. 
245 1 0 |a Κάλλος:   |b η υπέρτατη ομορφιά /  |c Μουσείο Κυκλαδικής Τέχνης ; Υπουργείο Πολιτισμού και Αθλητισμού ; επιμέλεια: Νικόλαος Χρ. Σταμπολίδης, Ιωάννης Δ. Φάππας.  
260 |a Αθήνα:   |b Μουσείο Κυκλαδικής Τέχνης,   |b Υπουργείο Πολιτισμού και Αθλητισμού ;  |c 2021.  
300 |a 767 σ. :   |b εγχρωμ εικ. ;  |c 25 εκ.  
504 |a Βιβλιογραφία: σ. [732]-767.  
650 0 |a Beauty culture  |z Greece. 
650 0 |a Art  |x Aesthetics. 
650 0 |a Art  |z Greece  |z Athens  |x Exhibitions. 
700 1 |a Σταμπολίδης, Νικόλαος Χρ.  |e edt 
920 |a Μουσείο Κυκλαδικής Τέχνης   |y Ρόδος  |z 2022-02 
970 |a Σιδερή   |b Νεκταρία   |z 2022/02/08